ARRUPE JESUIT UNIVERSITY

CORONAVIRUS -STOP THE SPREAD - CLEAN,DISINFECT,COVER

There is no such thing as some democracy (Record no. 119376)

MARC details
000 -LEADER
fixed length control field 00554nam a22001577a 4500
008 - FIXED-LENGTH DATA ELEMENTS--GENERAL INFORMATION
fixed length control field 131219b xxu||||| |||| 00| 0 eng d
020 ## - INTERNATIONAL STANDARD BOOK NUMBER
International Standard Book Number 9652863459
050 ## - LIBRARY OF CONGRESS CALL NUMBER
Classification number LC1091.M355
100 ## - MAIN ENTRY--PERSONAL NAME
Personal name Maroshek-Klarman, Uki
9 (RLIN) 6038
245 ## - TITLE STATEMENT
Title There is no such thing as some democracy
Remainder of title on educationg towards democracy and on democracy in the educational system /
Statement of responsibility, etc Uki Maroshek
260 ## - PUBLICATION, DISTRIBUTION, ETC. (IMPRINT)
Place of publication, distribution, etc Jerusalem
Name of publisher, distributor, etc Kinneret Publishing House
Date of publication, distribution, etc 1993
300 ## - PHYSICAL DESCRIPTION
Extent 110p.;
Dimensions 22cm.
650 ## - SUBJECT ADDED ENTRY--TOPICAL TERM
Topical term or geographic name as entry element Political Education
9 (RLIN) 6039
650 ## - SUBJECT ADDED ENTRY--TOPICAL TERM
Topical term or geographic name as entry element Democracy
9 (RLIN) 6040
942 ## - ADDED ENTRY ELEMENTS (KOHA)
Source of classification or shelving scheme Library of Congress Classification
Item type Monograph ( Printed materials)
Holdings
Withdrawn status Lost status Source of classification or shelving scheme Damaged status Not for loan Home library Current library Shelving location Date acquired Total Checkouts Full call number Barcode Date last seen Price effective from Koha item type
    Library of Congress Classification     ARRUPE LIBRARY ARRUPE LIBRARY Main Collection 19/12/2013   LC1091.M355 464122579 28/06/2018 19/12/2013 Monograph ( Printed materials)

 

Arrupe Library. PO Box MP320 Mt Pleasant, Harare, Zimbabwe
263 242 745411|librarian@aju.ac.zw